E se amanhã o medo (Registo nº 1290)

Detalhes MARC
000 -Etiqueta do registo
Cabeçalho 00834nam0a2200277 4500
005 - Identificador da versão
Campo de controlo 20240813121832.0
010 ## - Número internacional normalizado dos livros (ISBN)
Número (ISBN) 9789722117081
021 ## - Número do Depósito Legal
Código do país PT
Número 271 051/08
100 ## - Dados gerais de processamento
Dados gerais de processamento 20150813d2008 e y0pory5003 ba
102 ## - Pais de publicação ou produção
País de publicação Portugal
101 0# - Língua de publicação
Língua do texto, banda sonora, etc. Português
215 ## - Descrição física 
Indicação específica da natureza do documento e extensão da espécie 102 p
200 1# - Titulo e menção de responsabilidade
Título próprio E se amanhã o medo
Informação de outro título contos
Primeira menção de responsabilidade Ondjaki
225 2# - Colecção 
Título próprio da colecção Outras margens
Informação de outro título da colecção  autores estrangeiros de língua portuguesa
Indicação de volume 41
205 ## - Menção da edição
Menção da edição 3ª ed
210 ## - Publicação, Distribuição, etc. 
Lugar da edição, distribuição, etc. Lisboa
Nome do editor, distribuidor, etc. Caminho
Data da publicação, distribuição, etc. D.L. 2008
300 ## - Notas gerais 
Texto da nota Autor do Grande Prémio Conto APE 2007
314 ## - Notas relativas a responsabilidade intelectual 
Texto da nota Ondjaki é pseudónimo de Ndalu de Almeida
606 ## - Nome comum usado como assunto
Número de registo de entrada de autoridade 0002105
Palavra de ordem Literatura angolana
Subdivisão de assunto Conto
Código do sistema CA
675 ## - Classificação Decimal Universal (CDU)
Notação 821.134.3(673)-34
Edição 3ª ed.
Língua da edição por
700 #0 - Nome de autor-pessoa física (responsabilidade principal)
Número de registo de entrada de autoridade 0002450
Palavra de ordem Ondjaki
Elementos de identificação ou distinção pseud.
Datas 1977-
966 ## - Identificação da Biblioteca
Sigla EB2,3ENM
942 ## - Elementos de entrada adicionados (Koha)
Tipo de item no Koha Livro
Exemplares
Situação do levantamento Origin of item (home branch) (coded) Biblioteca de empréstimo Código de barras Cota Circulation type (not for loan) Tipo de documento Nota do exemplar Damaged status
  Biblioteca Escolar Eng. Nuno Mergulhão Biblioteca Escolar Eng. Nuno Mergulhão BENM3155 82LE-34 OND   Livro Sem mensagem